[Event "OeISM B U10"]
[Site "AUT_boys_U10"]
[Date "2020.12.13"]
[Round "1"]
[White "philip2010"]
[Black "Derenick2010"]
[Result "1-0"]
[WhiteElo "1879"]
[BlackElo "1535"]
[Annotator "NA RC"]
[PlyCount "89"]
[EventDate "2020.12.13"]
[EventType "blitz"]

1. d4 {[%emt 0:00:04]} d5 {[%emt 0:00:02]} 2. Bf4 {[%emt 0:00:03]} Nc6 {[%emt 0:00:02]} 3. e3 {[%emt 0:00:04]} Bf5 {[%emt 0:00:06]} 4. Bd3 {[%emt 0:00:04]} e6 {[%emt 0:00:06]} 5. Nf3 {[%emt 0:00:07]} Nf6 {[%emt 0:00:11]} 6. Bxf5 {[%emt 0:00:11]} exf5 {[%emt 0:00:03]} 7. O-O {[%emt 0:00:02]} Bd6 {[%emt 0:00:14]} 8. Bg3 {[%emt 0:00:17]} Bxg3 {[%emt 0:00:02]} 9. hxg3 {[%emt 0:00:03]} Ng4 {[%emt 0:00:08]} 10. Re1 {[%emt 0:00:12]} O-O {[%emt 0:00:03]} 11. Nc3 {[%emt 0:00:14]} Re8 {[%emt 0:00:06]} 12. Qd3 {[%emt 0:00:24]} Nb4 {[%emt 0:00:15]} 13. Qd2 {[%emt 0:00:53]} Qf6 {[%emt 0:00:34]} 14. a3 {[%emt 0:00:12]} Nc6 {[%emt 0:00:19]} 15. Nxd5 {[%emt 0:00:28]} Qd6 {[%emt 0:00:21]} 16. Nb4 {[%emt 0:00:44]} Nxb4 {[%emt 0:00:18]} 17. Qxb4 {[%emt 0:00:18]} b6 {[%emt 0:00:26]} 18. Qxd6 {[%emt 0:00:14]} cxd6 {[%emt 0:00:06]} 19. c4 {[%emt 0:00:07]} Rec8 {[%emt 0:00:05]} 20. Rac1 {[%emt 0:00:05]} a6 {[%emt 0:00:30]} 21. b4 {[%emt 0:00:10]} Rc7 {[%emt 0:00:15]} 22. Rc2 {[%emt 0:00:25]} a5 {[%emt 0:00:12]} 23. b5 {[%emt 0:00:09]} d5 {[%emt 0:00:19]} 24. c5 {[%emt 0:00:36]} bxc5 {[%emt 0:00:02]} 25. dxc5 {[%emt 0:00:08]} a4 {[%emt 0:00:07]} 26. Rb1 {[%emt 0:00:15]} Rb8 {[%emt 0:00:16]} 27. Nd4 {[%emt 0:00:29]} Ne5 {[%emt 0:00:08]} 28. Rb4 {[%emt 0:00:40]} Nd3 {[%emt 0:00:06]} 29. Rxa4 {[%emt 0:00:05]} Rbc8 {[%emt 0:00:19]} 30. c6 {[%emt 0:00:18]} Ne1 {[%emt 0:00:19]} 31. Rd2 {[%emt 0:00:12]} h6 {[%emt 0:00:35]} 32. Kf1 {[%emt 0:00:07]} Rb7 {[%emt 0:00:03]} 33. cxb7 {[%emt 0:00:11]} Rc1 {[%emt 0:00:02]} 34. b8=Q+ {[%emt 0:00:06]} Kh7 {[%emt 0:00:04]} 35. Ke2 {[%emt 0:00:20]} Nxg2 {[%emt 0:00:07]} 36. Rd1 {[%emt 0:00:07]} Rxd1 {[%emt 0:00:31]} 37. Kxd1 {[%emt 0:00:01]} f4 {[%emt 0:00:08]} 38. exf4 {[%emt 0:00:09]} h5 {[%emt 0:00:13]} 39. Qf8 {[%emt 0:00:08]} h4 {[%emt 0:00:04]} 40. Ra5 {[%emt 0:00:07]} hxg3 {[%emt 0:00:03]} 41. fxg3 {[%emt 0:00:06]} Ne3+ {[%emt 0:00:03]} 42. Ke2 {[%emt 0:00:03]} Nc4 {[%emt 0:00:05]} 43. Ra6 {[%emt 0:00:07]} Nb2 {[%emt 0:00:11]} 44. Nf5 {[%emt 0:00:05]} g6 {[%emt 0:00:51]} 45. Qg7# {[%emt 0:00:00] Mate Mate} 1-0

[Event "OeISM B U10"]
[Site "AUT_boys_U10"]
[Date "2020.12.13"]
[Round "1"]
[White "Martinovicdavid"]
[Black "Max003"]
[Result "1-0"]
[WhiteElo "1688"]
[BlackElo "1362"]
[Annotator "NA RC"]
[PlyCount "61"]
[EventDate "2020.12.13"]
[EventType "blitz"]

1. e4 {[%emt 0:00:03]} c5 {[%emt 0:00:01]} 2. Nf3 {[%emt 0:00:05]} d6 {[%emt 0:00:02]} 3. d4 {[%emt 0:00:02]} cxd4 {[%emt 0:00:02]} 4. Nxd4 {[%emt 0:00:02]} Nf6 {[%emt 0:00:02]} 5. Nc3 {[%emt 0:00:04]} g6 {[%emt 0:00:02]} 6. Be3 {[%emt 0:00:04]} Bg7 {[%emt 0:00:02]} 7. Bc4 {[%emt 0:00:09]} O-O {[%emt 0:00:04]} 8. O-O {[%emt 0:00:03]} d5 {[%emt 0:00:06]} 9. exd5 {[%emt 0:00:07]} Bd7 {[%emt 0:00:12]} 10. h3 {[%emt 0:00:10]} a6 {[%emt 0:00:05]} 11. a3 {[%emt 0:00:06]} b5 {[%emt 0:00:02]} 12. Ba2 {[%emt 0:00:02]} e6 {[%emt 0:00:17]} 13. dxe6 {[%emt 0:00:04]} Be8 {[%emt 0:00:05]} 14. Re1 {[%emt 0:00:19]} Nh5 {[%emt 0:00:06]} 15. Qf3 {[%emt 0:00:50]} Bxd4 {[%emt 0:00:12]} 16. Bxd4 {[%emt 0:00:03]} Qxd4 {[%emt 0:00:05]} 17. e7 {[%emt 0:00:02]} Bc6 {[%emt 0:00:13]} 18. exf8=Q+ {[%emt 0:00:05]} Kxf8 {[%emt 0:00:07]} 19. Qg4 {[%emt 0:00:18]} Qf6 {[%emt 0:00:33]} 20. Rad1 {[%emt 0:00:24]} Nd7 {[%emt 0:00:05]} 21. Qb4+ {[%emt 0:00:18]} Kg8 {[%emt 0:00:10]} 22. Rd6 {[%emt 0:00:05]} Qg5 {[%emt 0:00:25]} 23. Rxc6 {[%emt 0:00:07]} Nf4 {[%emt 0:00:04]} 24. g3 {[%emt 0:00:18]} Nxh3+ {[%emt 0:00:02]} 25. Kg2 {[%emt 0:00:03]} Nxf2 {[%emt 0:00:11]} 26. Kxf2 {[%emt 0:00:02]} Qd2+ {[%emt 0:00:04]} 27. Re2 {[%emt 0:00:02]} Qg5 {[%emt 0:00:09]} 28. Qf4 {[%emt 0:00:05]} Qh5 {[%emt 0:00:07]} 29. Bxf7+ {[%emt 0:00:13]} Kh8 {[%emt 0:00:06]} 30. Qd4+ {[%emt 0:00:04]} Nf6 {[%emt 0:00:08]} 31. Qxf6# {[%emt 0:00:03] Mate Mate} 1-0

[Event "OeISM B U10"]
[Site "AUT_boys_U10"]
[Date "2020.12.13"]
[Round "1"]
[White "Mattfried"]
[Black "CaptainJojo"]
[Result "1-0"]
[WhiteElo "1665"]
[BlackElo "1333"]
[Annotator "NA RC"]
[PlyCount "61"]
[EventDate "2020.12.13"]
[EventType "blitz"]

1. e4 {[%emt 0:00:04]} e5 {[%emt 0:00:02]} 2. Nf3 {[%emt 0:00:02]} Nc6 {[%emt 0:00:01]} 3. d4 {[%emt 0:00:02]} Bb4+ {[%emt 0:00:18]} 4. c3 {[%emt 0:00:08]} Bd6 {[%emt 0:00:04]} 5. Bc4 {[%emt 0:00:09]} Nf6 {[%emt 0:00:06]} 6. dxe5 {[%emt 0:00:46]} Bxe5 {[%emt 0:00:04]} 7. Bg5 {[%emt 0:00:26]} O-O {[%emt 0:00:06]} 8. O-O {[%emt 0:00:11]} d6 {[%emt 0:00:16]} 9. h3 {[%emt 0:00:09]} Nxe4 {[%emt 0:00:13]} 10. Bxd8 {[%emt 0:00:10]} Rxd8 {[%emt 0:00:07]} 11. Nxe5 {[%emt 0:00:15]} Nxe5 {[%emt 0:00:18]} 12. Qd5 {[%emt 0:00:20]} Nf6 {[%emt 0:00:16]} 13. Qd4 {[%emt 0:00:22]} c5 {[%emt 0:00:12]} 14. Qh4 {[%emt 0:00:11]} Ng6 {[%emt 0:00:20]} 15. Qg3 {[%emt 0:00:17]} Bf5 {[%emt 0:00:12]} 16. Nd2 {[%emt 0:00:11]} a6 {[%emt 0:00:23]} 17. Rad1 {[%emt 0:00:21]} b5 {[%emt 0:00:05]} 18. Be2 {[%emt 0:00:12]} Re8 {[%emt 0:00:20]} 19. Bf3 {[%emt 0:00:06]} Rad8 {[%emt 0:00:35]} 20. Nb3 {[%emt 0:00:15]} c4 {[%emt 0:00:21]} 21. Nd4 {[%emt 0:00:04]} Bd3 {[%emt 0:00:26]} 22. Rfe1 {[%emt 0:00:14]} Ne5 {[%emt 0:00:09]} 23. Bc6 {[%emt 0:00:35]} Re7 {[%emt 0:00:20]} 24. Rxd3 {[%emt 0:00:22]} cxd3 {[%emt 0:00:33]} 25. Nf5 {[%emt 0:00:08]} g6 {[%emt 0:00:42]} 26. Nxe7+ {[%emt 0:00:05]} Kf8 {[%emt 0:00:10]} 27. f4 {[%emt 0:00:41]} Kxe7 {[%emt 0:00:48]} 28. fxe5 {[%emt 0:00:05]} dxe5 {[%emt 0:00:03]} 29. Qxe5+ {[%emt 0:00:06]} Kf8 {[%emt 0:00:04]} 30. Qxf6 {[%emt 0:00:06]} Rc8 {[%emt 0:00:19]} 31. Qh8# {[%emt 0:00:05] Mate Mate} 1-0

[Event "OeISM B U10"]
[Site "AUT_boys_U10"]
[Date "2020.12.13"]
[Round "1"]
[White "Super-Patzer"]
[Black "Kaljikovic"]
[Result "1-0"]
[WhiteElo "1611"]
[BlackElo "1428"]
[Annotator "NA RC"]
[PlyCount "45"]
[EventDate "2020.12.13"]
[EventType "blitz"]

1. e4 {[%emt 0:00:02]} e5 {[%emt 0:00:03]} 2. Nf3 {[%emt 0:00:03]} Nf6 {[%emt 0:00:02]} 3. d4 {[%emt 0:00:04]} d5 {[%emt 0:00:07]} 4. dxe5 {[%emt 0:00:03]} Nxe4 {[%emt 0:00:07]} 5. Bf4 {[%emt 0:00:15]} Bg4 {[%emt 0:00:06]} 6. Be2 {[%emt 0:00:05]} Bb4+ {[%emt 0:00:05]} 7. c3 {[%emt 0:00:06]} Bc5 {[%emt 0:00:06]} 8. O-O {[%emt 0:00:06]} O-O {[%emt 0:00:06]} 9. Nbd2 {[%emt 0:00:13]} Qf6 {[%emt 0:00:06]} 10. exf6 {[%emt 0:00:07]} gxf6 {[%emt 0:00:07]} 11. Nxe4 {[%emt 0:00:03]} dxe4 {[%emt 0:00:04]} 12. Nd4 {[%emt 0:00:05]} Nd7 {[%emt 0:00:08]} 13. Bxg4 {[%emt 0:00:02]} Nb6 {[%emt 0:00:13]} 14. Bh6 {[%emt 0:00:05]} Rfd8 {[%emt 0:00:05]} 15. Bf5 {[%emt 0:00:04]} Kh8 {[%emt 0:00:10]} 16. Qg4 {[%emt 0:00:10]} Rg8 {[%emt 0:00:12]} 17. Qh5 {[%emt 0:00:03]} Nd5 {[%emt 0:00:09]} 18. Bxh7 {[%emt 0:00:07]} Nf4 {[%emt 0:00:04]} 19. Qxf7 {[%emt 0:00:12]} Rxg2+ {[%emt 0:00:10]} 20. Kh1 {[%emt 0:00:06]} Ne2 {[%emt 0:00:12]} 21. Nxe2 {[%emt 0:00:07]} Bxf2 {[%emt 0:00:14]} 22. Rxf2 {[%emt 0:00:03]} Rxf2 {[%emt 0:00:09]} 23. Qg7# {[%emt 0:00:02] Mate Mate} 1-0

[Event "OeISM B U10"]
[Site "AUT_boys_U10"]
[Date "2020.12.13"]
[Round "1"]
[White "Alain 007"]
[Black "Daniel195"]
[Result "1-0"]
[WhiteElo "1545"]
[BlackElo "1657"]
[Annotator "NA RC"]
[PlyCount "111"]
[EventDate "2020.12.13"]
[EventType "blitz"]

1. e4 {[%emt 0:00:05]} e5 {[%emt 0:00:03]} 2. Nf3 {[%emt 0:00:16]} Nc6 {[%emt 0:00:07]} 3. Bc4 {[%emt 0:00:16]} Bc5 {[%emt 0:00:05]} 4. c3 {[%emt 0:00:22]} Nf6 {[%emt 0:00:09]} 5. d3 {[%emt 0:00:13]} O-O {[%emt 0:00:07]} 6. a4 {[%emt 0:00:13]} a6 {[%emt 0:00:12]} 7. O-O {[%emt 0:00:15]} h6 {[%emt 0:00:08]} 8. Nbd2 {[%emt 0:00:23]} d6 {[%emt 0:00:13]} 9. Re1 {[%emt 0:00:15]} Bg4 {[%emt 0:00:11]} 10. Nf1 {[%emt 0:00:06]} Na5 {[%emt 0:00:37]} 11. Ba2 {[%emt 0:00:15]} Nc6 {[%emt 0:00:15]} 12. h3 {[%emt 0:00:13]} Bxf3 {[%emt 0:00:04]} 13. Qxf3 {[%emt 0:00:07]} Ne7 {[%emt 0:00:03]} 14. Ng3 {[%emt 0:00:06]} b5 {[%emt 0:00:48]} 15. Bb3 {[%emt 0:00:24]} c6 {[%emt 0:00:08]} 16. Be3 {[%emt 0:00:23]} Bxe3 {[%emt 0:00:13]} 17. Qxe3 {[%emt 0:00:07]} Kh8 {[%emt 0:00:28]} 18. axb5 {[%emt 0:00:22]} axb5 {[%emt 0:00:06]} 19. Rxa8 {[%emt 0:00:04]} Qxa8 {[%emt 0:00:04]} 20. Qc1 {[%emt 0:00:24]} Ng6 {[%emt 0:00:19]} 21. Qa1 {[%emt 0:00:08]} Nf4 {[%emt 0:00:15]} 22. Qxa8 {[%emt 0:00:19]} Rxa8 {[%emt 0:00:08]} 23. Re3 {[%emt 0:00:06]} Ra1+ {[%emt 0:00:10]} 24. Kh2 {[%emt 0:00:04]} Rb1 {[%emt 0:00:01]} 25. Bxf7 {[%emt 0:00:06]} Rxb2 {[%emt 0:00:05]} 26. d4 {[%emt 0:00:14]} Rxf2 {[%emt 0:00:13]} 27. dxe5 {[%emt 0:00:06]} dxe5 {[%emt 0:00:13]} 28. Nf5 {[%emt 0:00:24]} Rxg2+ {[%emt 0:00:22]} 29. Kh1 {[%emt 0:00:09]} Ra2 {[%emt 0:00:30]} 30. Rg3 {[%emt 0:00:13]} Nxe4 {[%emt 0:00:26]} 31. Rxg7 {[%emt 0:00:11]} Ra1+ {[%emt 0:00:07]} 32. Kh2 {[%emt 0:00:09]} Ra2+ {[%emt 0:00:09]} 33. Bxa2 {[%emt 0:00:06]} Nd6 {[%emt 0:00:08]} 34. Rg8+ {[%emt 0:00:07]} Kh7 {[%emt 0:00:02]} 35. Nxd6 {[%emt 0:00:01]} Nd5 {[%emt 0:00:04]} 36. Bxd5 {[%emt 0:00:10]} cxd5 {[%emt 0:00:02]} 37. Re8 {[%emt 0:00:04]} d4 {[%emt 0:00:02]} 38. cxd4 {[%emt 0:00:04]} exd4 {[%emt 0:00:00]} 39. Nxb5 {[%emt 0:00:02]} d3 {[%emt 0:00:03]} 40. Rd8 {[%emt 0:00:01]} h5 {[%emt 0:00:01]} 41. Rxd3 {[%emt 0:00:01]} h4 {[%emt 0:00:01]} 42. Rd6 {[%emt 0:00:01]} Kg7 {[%emt 0:00:02]} 43. Kg2 {[%emt 0:00:01]} Kf7 {[%emt 0:00:00]} 44. Kf3 {[%emt 0:00:01]} Ke7 {[%emt 0:00:01]} 45. Ra6 {[%emt 0:00:03]} Kf7 {[%emt 0:00:00]} 46. Ke4 {[%emt 0:00:02]} Ke7 {[%emt 0:00:00]} 47. Nc3 {[%emt 0:00:04]} Kd7 {[%emt 0:00:02]} 48. Ke5 {[%emt 0:00:02]} Kc7 {[%emt 0:00:00]} 49. Kd5 {[%emt 0:00:01]} Kd7 {[%emt 0:00:00]} 50. Ra7+ {[%emt 0:00:02]} Kc8 {[%emt 0:00:01]} 51. Kd6 {[%emt 0:00:02]} Kb8 {[%emt 0:00:00]} 52. Rh7 {[%emt 0:00:02]} Kc8 {[%emt 0:00:01]} 53. Rg7 {[%emt 0:00:02]} Kb8 {[%emt 0:00:01]} 54. Kc6 {[%emt 0:00:01]} Ka8 {[%emt 0:00:00]} 55. Kb6 {[%emt 0:00:01]} Kb8 {[%emt 0:00:00]} 56. Rg8# {[%emt 0:00:01] Mate Mate} 1-0

[Event "OeISM B U10"]
[Site "AUT_boys_U10"]
[Date "2020.12.13"]
[Round "1"]
[White "Sunny3000"]
[Black "Hugo_11"]
[Result "1-0"]
[WhiteElo "1522"]
[BlackElo "1384"]
[Annotator "NA RC"]
[PlyCount "127"]
[EventDate "2020.12.13"]
[EventType "blitz"]

1. e4 {[%emt 0:00:03]} e5 {[%emt 0:00:02]} 2. Nf3 {[%emt 0:00:02]} Nc6 {[%emt 0:00:02]} 3. Bb5 {[%emt 0:00:03]} Nf6 {[%emt 0:00:03]} 4. O-O {[%emt 0:00:11]} Bc5 {[%emt 0:00:05]} 5. Nc3 {[%emt 0:00:07]} O-O {[%emt 0:00:03]} 6. Bxc6 {[%emt 0:00:11]} bxc6 {[%emt 0:00:02]} 7. d4 {[%emt 0:00:06]} exd4 {[%emt 0:00:03]} 8. Nxd4 {[%emt 0:00:03]} Bxd4 {[%emt 0:00:01]} 9. Qxd4 {[%emt 0:00:04]} Ba6 {[%emt 0:00:03]} 10. Re1 {[%emt 0:00:05]} Re8 {[%emt 0:00:11]} 11. Bg5 {[%emt 0:00:06]} h6 {[%emt 0:00:03]} 12. Bh4 {[%emt 0:00:08]} Rb8 {[%emt 0:00:05]} 13. Rab1 {[%emt 0:00:12]} d6 {[%emt 0:00:15]} 14. b3 {[%emt 0:00:31]} c5 {[%emt 0:00:08]} 15. Qd2 {[%emt 0:00:10]} c6 {[%emt 0:00:08]} 16. Rbd1 {[%emt 0:00:06]} d5 {[%emt 0:00:16]} 17. exd5 {[%emt 0:01:04]} Rxe1+ {[%emt 0:00:03]} 18. Rxe1 {[%emt 0:00:02]} cxd5 {[%emt 0:00:08]} 19. Bxf6 {[%emt 0:00:20]} Qxf6 {[%emt 0:00:09]} 20. Nxd5 {[%emt 0:00:06]} Qg5 {[%emt 0:00:30]} 21. Qxg5 {[%emt 0:00:25]} hxg5 {[%emt 0:00:02]} 22. Ne7+ {[%emt 0:00:06]} Kf8 {[%emt 0:00:10]} 23. Nc6 {[%emt 0:00:07]} Rb7 {[%emt 0:00:09]} 24. Re5 {[%emt 0:00:49]} Rd7 {[%emt 0:00:25]} 25. h3 {[%emt 0:00:09]} f6 {[%emt 0:00:18]} 26. Rxc5 {[%emt 0:00:15]} Rd2 {[%emt 0:00:10]} 27. Nxa7 {[%emt 0:00:15]} Rd1+ {[%emt 0:00:10]} 28. Kh2 {[%emt 0:00:04]} Bb7 {[%emt 0:00:17]} 29. a4 {[%emt 0:00:31]} Rd2 {[%emt 0:00:04]} 30. c3 {[%emt 0:00:12]} Rxf2 {[%emt 0:00:04]} 31. Nc6 {[%emt 0:00:44]} f5 {[%emt 0:00:17]} 32. Kg1 {[%emt 0:00:09]} Rf4 {[%emt 0:00:21]} 33. b4 {[%emt 0:00:29]} g4 {[%emt 0:00:15]} 34. hxg4 {[%emt 0:00:11]} fxg4 {[%emt 0:00:06]} 35. Nd4 {[%emt 0:00:23]} g3 {[%emt 0:00:17]} 36. Ne6+ {[%emt 0:00:03]} Kf7 {[%emt 0:00:03]} 37. Nxf4 {[%emt 0:00:03]} Kf6 {[%emt 0:00:03]} 38. Ne2 {[%emt 0:00:07]} g5 {[%emt 0:00:10]} 39. Nxg3 {[%emt 0:00:01]} Kg6 {[%emt 0:00:03]} 40. a5 {[%emt 0:00:07]} Kf6 {[%emt 0:00:16]} 41. b5 {[%emt 0:00:12]} Ke6 {[%emt 0:00:04]} 42. Rxg5 {[%emt 0:00:08]} Kd6 {[%emt 0:00:04] Hugo_11 offers a draw} 43. c4 {[%emt 0:00:12]} Kc7 {[%emt 0:00:03]} 44. Rg6 {[%emt 0:00:07]} Kb8 {[%emt 0:00:07]} 45. a6 {[%emt 0:00:10]} Bxa6 {[%emt 0:00:02]} 46. bxa6 {[%emt 0:00:03]} Ka7 {[%emt 0:00:00]} 47. Ne4 {[%emt 0:00:07]} Kb8 {[%emt 0:00:01]} 48. Rg7 {[%emt 0:00:06]} Ka8 {[%emt 0:00:01]} 49. Nc3 {[%emt 0:00:18]} Kb8 {[%emt 0:00:02]} 50. Nb5 {[%emt 0:00:02]} Ka8 {[%emt 0:00:03]} 51. Kf2 {[%emt 0:00:02]} Kb8 {[%emt 0:00:02]} 52. a7+ {[%emt 0:00:04]} Ka8 {[%emt 0:00:02]} 53. Rg8+ {[%emt 0:00:04]} Kb7 {[%emt 0:00:04]} 54. a8=Q+ {[%emt 0:00:02]} Kb6 {[%emt 0:00:01]} 55. Rg6+ {[%emt 0:00:09]} Kc5 {[%emt 0:00:00]} 56. Qc6+ {[%emt 0:00:04]} Kb4 {[%emt 0:00:01]} 57. Nd4 {[%emt 0:00:08]} Kc3 {[%emt 0:00:02]} 58. Qa4 {[%emt 0:00:05]} Kd3 {[%emt 0:00:06]} 59. Nc6 {[%emt 0:00:09]} Kc3 {[%emt 0:00:04]} 60. c5 {[%emt 0:00:04]} Kd3 {[%emt 0:00:02]} 61. Rg3+ {[%emt 0:00:13]} Kd2 {[%emt 0:00:01]} 62. Qa2+ {[%emt 0:00:05]} Kc1 {[%emt 0:00:02]} 63. Re3 {[%emt 0:00:06]} Kd1 {[%emt 0:00:06]} 64. Re1# {[%emt 0:00:01] Mate Mate} 1-0

[Event "OeISM B U10"]
[Site "AUT_boys_U10"]
[Date "2020.12.13"]
[Round "1"]
[White "DenizK2011"]
[Black "Chesstornado2011"]
[Result "0-1"]
[WhiteElo "1509"]
[BlackElo "1459"]
[Annotator "NA RC"]
[PlyCount "112"]
[EventDate "2020.12.13"]
[EventType "blitz"]

1. d4 {[%emt 0:00:03]} d5 {[%emt 0:00:02]} 2. Nc3 {[%emt 0:00:02]} Nf6 {[%emt 0:00:03]} 3. Bf4 {[%emt 0:00:02]} Nc6 {[%emt 0:00:04]} 4. Nb5 {[%emt 0:00:02]} e5 {[%emt 0:00:11]} 5. dxe5 {[%emt 0:00:03]} Nh5 {[%emt 0:00:04]} 6. Bg3 {[%emt 0:00:05]} Nxg3 {[%emt 0:00:02]} 7. hxg3 {[%emt 0:00:03]} Nxe5 {[%emt 0:00:05]} 8. e3 {[%emt 0:00:05]} c6 {[%emt 0:00:06]} 9. Nc3 {[%emt 0:00:04]} Bb4 {[%emt 0:00:06]} 10. f4 {[%emt 0:00:05]} Bxc3+ {[%emt 0:00:06]} 11. bxc3 {[%emt 0:00:03]} Ng6 {[%emt 0:00:03]} 12. Bd3 {[%emt 0:00:03]} Qf6 {[%emt 0:00:06]} 13. Qf3 {[%emt 0:00:13]} Qxc3+ {[%emt 0:00:03]} 14. Kf2 {[%emt 0:00:08]} Qxa1 {[%emt 0:00:06]} 15. Bxg6 {[%emt 0:00:08]} fxg6 {[%emt 0:00:04]} 16. e4 {[%emt 0:00:08]} Qd4+ {[%emt 0:00:04]} 17. Ke2 {[%emt 0:00:05]} Qxe4+ {[%emt 0:00:01]} 18. Qxe4+ {[%emt 0:00:02]} dxe4 {[%emt 0:00:01]} 19. Rh4 {[%emt 0:00:04]} Bf5 {[%emt 0:00:03]} 20. g4 {[%emt 0:00:08]} Be6 {[%emt 0:00:03]} 21. Nh3 {[%emt 0:00:15]} O-O {[%emt 0:00:07]} 22. Ng5 {[%emt 0:00:03]} Bc4+ {[%emt 0:00:10]} 23. Ke3 {[%emt 0:00:06]} Rfe8 {[%emt 0:00:03]} 24. Rxh7 {[%emt 0:00:15]} Kf8 {[%emt 0:00:03]} 25. f5 {[%emt 0:00:13]} gxf5 {[%emt 0:00:06]} 26. gxf5 {[%emt 0:00:03]} Bg8 {[%emt 0:00:10]} 27. Rh4 {[%emt 0:00:09]} Re7 {[%emt 0:00:07]} 28. g4 {[%emt 0:00:14]} Bxa2 {[%emt 0:00:08]} 29. Nh7+ {[%emt 0:00:13]} Ke8 {[%emt 0:00:06]} 30. f6 {[%emt 0:00:07]} gxf6 {[%emt 0:00:09]} 31. Nxf6+ {[%emt 0:00:02]} Kf7 {[%emt 0:00:02]} 32. Nxe4 {[%emt 0:00:16]} Rae8 {[%emt 0:00:07]} 33. g5 {[%emt 0:00:09]} Bd5 {[%emt 0:00:05]} 34. Rg4 {[%emt 0:00:10]} Rxe4+ {[%emt 0:00:05]} 35. Rxe4 {[%emt 0:00:04]} Rxe4+ {[%emt 0:00:00]} 36. Kd3 {[%emt 0:00:03]} Kg6 {[%emt 0:00:01]} 37. c4 {[%emt 0:00:03]} Kxg5 {[%emt 0:00:00]} 38. cxd5 {[%emt 0:00:03]} cxd5 {[%emt 0:00:01]} 39. Kc3 {[%emt 0:00:03]} a5 {[%emt 0:00:03]} 40. Kb3 {[%emt 0:00:03]} b5 {[%emt 0:00:01]} 41. Kc3 {[%emt 0:00:02]} a4 {[%emt 0:00:01]} 42. Kb2 {[%emt 0:00:03]} b4 {[%emt 0:00:01] DenizK2011 offers a draw} 43. Ka2 {[%emt 0:00:04]} Re3 {[%emt 0:00:04]} 44. Kb2 {[%emt 0:00:02]} Kf4 {[%emt 0:00:04]} 45. Ka2 {[%emt 0:00:02]} Ke4 {[%emt 0:00:01]} 46. Kb2 {[%emt 0:00:01]} Kd4 {[%emt 0:00:02]} 47. Ka2 {[%emt 0:00:01]} Kc4 {[%emt 0:00:01]} 48. Kb2 {[%emt 0:00:02]} a3+ {[%emt 0:00:02]} 49. Ka2 {[%emt 0:00:02]} b3+ {[%emt 0:00:02]} 50. Kb1 {[%emt 0:00:05]} Re2 {[%emt 0:00:05]} 51. Ka1 {[%emt 0:00:03]} b2+ {[%emt 0:00:03]} 52. Kb1 {[%emt 0:00:05]} a2+ {[%emt 0:00:08]} 53. Kxa2 {[%emt 0:00:03]} b1=Q+ {[%emt 0:00:03]} 54. Kxb1 {[%emt 0:00:02]} Kc3 {[%emt 0:00:03]} 55. Ka1 {[%emt 0:00:03]} Kb3 {[%emt 0:00:01]} 56. Kb1 {[%emt 0:00:05]} Re1# {[%emt 0:00:00] Mate Mate} 0-1

[Event "OeISM B U10"]
[Site "AUT_boys_U10"]
[Date "2020.12.13"]
[Round "1"]
[White "Nikolaus2709"]
[Black "NIKO2011"]
[Result "0-1"]
[WhiteElo "1482"]
[BlackElo "1830"]
[Annotator "NA RC"]
[PlyCount "70"]
[EventDate "2020.12.13"]
[EventType "blitz"]

1. e4 {[%emt 0:00:04]} c5 {[%emt 0:00:02]} 2. Nf3 {[%emt 0:00:04]} e6 {[%emt 0:00:02]} 3. d4 {[%emt 0:00:02]} cxd4 {[%emt 0:00:01]} 4. Nxd4 {[%emt 0:00:02]} a6 {[%emt 0:00:01]} 5. Nc3 {[%emt 0:00:05]} b5 {[%emt 0:00:05]} 6. Bd3 {[%emt 0:00:15]} Bb7 {[%emt 0:00:03]} 7. O-O {[%emt 0:00:03]} d6 {[%emt 0:00:04]} 8. Re1 {[%emt 0:00:03]} Be7 {[%emt 0:00:02]} 9. Bf4 {[%emt 0:00:07]} e5 {[%emt 0:00:03]} 10. Bxe5 {[%emt 0:00:26]} dxe5 {[%emt 0:00:02]} 11. Nf3 {[%emt 0:00:02]} Nf6 {[%emt 0:00:03]} 12. Nxe5 {[%emt 0:00:10]} Bc5 {[%emt 0:00:07]} 13. Qd2 {[%emt 0:00:37]} O-O {[%emt 0:00:05]} 14. Rad1 {[%emt 0:00:11]} Qc7 {[%emt 0:00:06]} 15. Nf3 {[%emt 0:00:06]} Nc6 {[%emt 0:00:03]} 16. h3 {[%emt 0:00:30]} Rad8 {[%emt 0:00:07]} 17. Qe2 {[%emt 0:00:07]} Rfe8 {[%emt 0:00:02]} 18. Rd2 {[%emt 0:00:23]} Nd4 {[%emt 0:00:28]} 19. Qd1 {[%emt 0:00:22]} Nxf3+ {[%emt 0:01:14]} 20. Qxf3 {[%emt 0:00:03]} Bb4 {[%emt 0:00:01]} 21. Qe2 {[%emt 0:01:02]} Bxc3 {[%emt 0:00:04]} 22. bxc3 {[%emt 0:00:03]} Qxc3 {[%emt 0:00:01]} 23. Rc1 {[%emt 0:00:07]} Nxe4 {[%emt 0:00:23]} 24. Bxe4 {[%emt 0:00:49]} Rxd2 {[%emt 0:00:03]} 25. Bxh7+ {[%emt 0:00:12]} Kf8 {[%emt 0:00:06]} 26. Qh5 {[%emt 0:00:24]} Qd4 {[%emt 0:00:11]} 27. Rf1 {[%emt 0:00:31]} Qd5 {[%emt 0:00:29]} 28. Qxd5 {[%emt 0:00:06]} Bxd5 {[%emt 0:00:03]} 29. Bd3 {[%emt 0:00:06]} Bc4 {[%emt 0:00:06]} 30. Bxc4 {[%emt 0:00:11]} bxc4 {[%emt 0:00:02]} 31. Rb1 {[%emt 0:00:03]} Rxc2 {[%emt 0:00:03]} 32. Rb4 {[%emt 0:00:05] Nikolaus2709 offers a draw} Rxa2 {[%emt 0:00:04]} 33. Rxc4 {[%emt 0:00:03]} g6 {[%emt 0:00:06]} 34. Kf1 {[%emt 0:00:08]} Ra1+ {[%emt 0:00:04]} 35. Rc1 {[%emt 0:00:04]} Rxc1# {[%emt 0:00:01] Mate Mate} 0-1

[Event "OeISM B U10"]
[Site "AUT_boys_U10"]
[Date "2020.12.13"]
[Round "1"]
[White "Noeldep3f"]
[Black "Felix808"]
[Result "1-0"]
[WhiteElo "1476"]
[BlackElo "1494"]
[Annotator "NA RC"]
[PlyCount "51"]
[EventDate "2020.12.13"]
[EventType "blitz"]

1. e4 {[%emt 0:00:03]} e5 {[%emt 0:00:02]} 2. Nf3 {[%emt 0:00:02]} Bc5 {[%emt 0:00:02]} 3. d4 {[%emt 0:00:05]} exd4 {[%emt 0:00:02]} 4. Nxd4 {[%emt 0:00:02]} Nc6 {[%emt 0:00:03]} 5. Be3 {[%emt 0:00:03]} Nf6 {[%emt 0:00:03]} 6. Nxc6 {[%emt 0:00:02]} dxc6 {[%emt 0:00:14]} 7. Qxd8+ {[%emt 0:00:06]} Kxd8 {[%emt 0:00:01]} 8. Bxc5 {[%emt 0:00:01]} Nxe4 {[%emt 0:00:03]} 9. Be3 {[%emt 0:00:02]} Re8 {[%emt 0:00:07]} 10. Bd3 {[%emt 0:00:04]} Nd6 {[%emt 0:00:04]} 11. Nc3 {[%emt 0:00:03]} f5 {[%emt 0:00:02]} 12. O-O-O {[%emt 0:00:02]} b6 {[%emt 0:00:04]} 13. Bg5+ {[%emt 0:00:02]} Kd7 {[%emt 0:00:03]} 14. Bxf5+ {[%emt 0:00:01]} Re6 {[%emt 0:00:06]} 15. Rhe1 {[%emt 0:00:03]} c5 {[%emt 0:00:11]} 16. Bxe6+ {[%emt 0:00:03]} Kc6 {[%emt 0:00:01]} 17. Bd5+ {[%emt 0:00:01]} Kd7 {[%emt 0:00:02]} 18. Re7+ {[%emt 0:00:04]} Kd8 {[%emt 0:00:03]} 19. Bxa8 {[%emt 0:00:06]} c6 {[%emt 0:00:04]} 20. Bxc6 {[%emt 0:00:02]} Bd7 {[%emt 0:00:05]} 21. Rxg7+ {[%emt 0:00:02]} Kc8 {[%emt 0:00:01]} 22. Rxd7 {[%emt 0:00:04]} Kb8 {[%emt 0:00:03]} 23. Bf4 {[%emt 0:00:03]} Kc8 {[%emt 0:00:02]} 24. Bxd6 {[%emt 0:00:04]} a6 {[%emt 0:00:03]} 25. Bg3 {[%emt 0:00:08]} b5 {[%emt 0:00:04]} 26. Rd8# {[%emt 0:00:01] Mate Mate} 1-0